| 000 | 00380nam a2200133Ia 4500 | ||
|---|---|---|---|
| 008 | 170516s9999 xx 000 0 und d | ||
| 245 | 4 | _aThe Biocompatibility of Nanodiamonds and Their Application in Drug Delivery Systems | |
| 260 | _bTheranostics | ||
| 260 | _c2012 | ||
| 300 | _a2:3 | ||
| 650 | _xMedical Technology | ||
| 650 | _xMedtech | ||
| 856 | _uhttp://www.thno.org/v2i3 | ||
| 999 |
_c330828 _d330828 |
||